000 00365 a2200109 4500
001 ART_30335
005 20260410161951.0
008 260409a
245 1 0 _aLa regulación de la cuenta corriente en el Código Civil y Comercial
100 1 _aArduino, Augusto H.L.
773 0 _tTemas de derecho comercial
_g- Año 1, Nº 6 (jun. 2015)
_wREV28151
999 _c30414
_d30414